[Event "AUTO-MASTER-529"]
[Site "http://www.queenalice.com/game.php?id=406571"]
[Date "2008.5.22"]
[Round "1"]
[White "overhoulin"]
[Black "stoyan1"]
[Result "1-0"]
[WhiteElo "1963"]
[BlackElo "1804"]

1. e4 e5 2. Nf3 d5 3. Qe2 Nc6 4. c3 Bg4 5. d3 d4 6. h3 Bxf3 7. Qxf3 Qf6 8. Qe2
a5 9. Nd2 h6 10. Nf3 g5 11. Nh2 Bc5 12. a3 dxc3 13. bxc3 Nge7 14. Ng4 Qe6 15.
Qc2 a4 16. Rb1 b6 17. Be2 f5 18. exf5 Nxf5 19. O-O h5 20. Ne3 Bxe3 21. Bxe3 g4
22. Kh2 Qg6 23. Qd2 g3+ 24. Kh1 gxf2 25. Bxf2 h4 26. Bf3 Kd7 27. d4 exd4 28. Bg4
Ke7 29. Rbe1+ Kd8 30. Bxd4 Ncxd4 31. Rxf5 c5 32. cxd4 Kc7 33. Qf4+ Kb7 34. Re7+
1-0

[Event "AUTO-MASTER-529"]
[Site "http://www.queenalice.com/game.php?id=406584"]
[Date "2008.5.22"]
[Round "1"]
[White "donkiko"]
[Black "overhoulin"]
[Result "0-1"]
[WhiteElo "1972"]
[BlackElo "1973"]

1. c4 e6 2. Nc3 c6 3. e4 Qc7 4. Nf3 d6 5. d4 Nd7 6. Bf4 e5 7. Bg3 Ngf6 8. Be2
Nh5 9. dxe5 Nxg3 10. exd6 Bxd6 11. hxg3 Nf6 12. Qd2 Be6 13. Ng5 Rd8 14. Rd1 h6
15. Qc2 O-O 16. Nxe6 fxe6 17. Rd3 Rf7 18. a3 Be5 19. Bh5 Rfd7 20. Rxd7 Bxc3+ 21.
bxc3 Qxd7 22. O-O Nxh5 23. g4 Nf6 24. f3 Qd6 25. Qb3 b6 26. Qb4 c5 27. Qb1 Qd2
28. e5 Nh7 29. f4 Qxc3 30. Rf3 Qxc4 31. Kh2 Nf8 32. Qe1 Rd4 33. Qg3 Ng6 34. Rc3
Qa4 35. f5 Rxg4 36. Qf3 Nxe5 37. Qa8+ Kh7 38. fxe6 Qf4+ 0-1

[Event "AUTO-MASTER-529"]
[Site "http://www.queenalice.com/game.php?id=406585"]
[Date "2008.5.22"]
[Round "1"]
[White "overhoulin"]
[Black "donkiko"]
[Result "1-0"]
[WhiteElo "1989"]
[BlackElo "1966"]

1. e4 c5 2. Nf3 Nc6 3. c3 e5 4. Qc2 Nf6 5. h3 a6 6. d3 h6 7. Nbd2 d6 8. Nc4 b5
9. Ne3 Be6 10. g4 Be7 11. Bg2 Qd7 12. Nh2 Rc8 13. Qe2 g5 14. Nd5 Bxd5 15. exd5
Nd8 16. c4 Nb7 17. b3 b4 18. O-O a5 19. f3 a4 20. bxa4 Qxa4 21. Bb2 Qd7 22. Qc2
h5 23. a3 hxg4 24. fxg4 bxa3 25. Rxa3 O-O 26. Qd2 Nh7 27. Be4 Qe8 28. Bxh7+ Kxh7
29. Bc1 f6 30. Qc2 Kg7 31. Rf5 Nd8 32. Nf1 Nf7 33. Ng3 Nh8 34. Ne4 Ng6 35. Ra7
Rf7 36. Ng3 Nf4 37. Bxf4 exf4 38. Ne4 Qh8 39. Qg2 Ra8 40. Rxa8 Qxa8 41. Qb2 Rf8
42. Kg2 Rb8 43. Qe2 Qa1 44. Nf2 Qd4 45. Qxe7+ Kg6 46. Rxg5+ fxg5 47. Qxd6+ Qf6
48. Qxb8 f3+ 49. Kg3 1-0

[Event "AUTO-MASTER-529"]
[Site "http://www.queenalice.com/game.php?id=406594"]
[Date "2008.5.22"]
[Round "1"]
[White "overhoulin"]
[Black "dante72"]
[Result "1-0"]
[WhiteElo "2012"]
[BlackElo "1836"]

1. e4 e5 2. Nf3 d6 3. Bc4 h6 4. h3 Nf6 5. d3 Be7 6. Nc3 Be6 7. Bxe6 fxe6 8. Be3
Nc6 9. a3 O-O 10. Ne2 Nh5 11. Qd2 g5 12. Nh2 Nf4 13. Bxf4 exf4 14. c3 e5 15. f3
h5 16. Qc2 Kg7 17. Rd1 a6 18. d4 Bf6 19. d5 Na5 20. c4 c5 21. b4 Qc7 22. bxa5
Qxa5+ 23. Qc3 Qa4 24. O-O b5 25. cxb5 axb5 26. Ra1 Qa6 27. Qb2 Qb6 28. Kh1 b4
29. a4 Ra5 30. Ra2 Rfa8 31. Qb3 Qa6 32. Rfa1 Qb6 33. Nc3 Rc8 34. Nb5 Rh8 35. Qd3
Rc8 36. Qc4 Bd8 37. Nf1 Be7 38. g3 Kf6 39. Qb3 Rg8 40. Rg2 Qd8 41. Nd2 g4 42.
fxg4 hxg4 43. gxf4 exf4 44. Rf1 Kg5 45. Rxg4+ Kh6 46. Rxg8 Qxg8 47. Rg1 Qf7 48.
Nc4 Ra8 49. Nbxd6 Qh5 50. Nf5+ Kh7 51. Rg7+ Kh8 52. Ne5 Qxf5 53. exf5 Kxg7 54.
Nc6 Bd6 55. Qd1 Kf6 56. Qg4 Rxa4 57. Qg6# 1-0

[Event "AUTO-MASTER-529"]
[Site "http://www.queenalice.com/game.php?id=406595"]
[Date "2008.5.22"]
[Round "1"]
[White "dante72"]
[Black "overhoulin"]
[Result "1-0"]
[WhiteElo "2055"]
[BlackElo "1977"]

1. e4 e6 2. d4 c6 3. Nf3 Qc7 4. Nc3 d6 5. Bd3 Nd7 6. Bf4 e5 7. dxe5 dxe5 8. Bg3
Ngf6 9. O-O Nh5 10. Bc4 Nxg3 11. fxg3 h6 12. Bxf7+ Kxf7 13. Nxe5+ Kg8 14. Ng6
Rh7 15. Qf3 Bc5+ 16. Kh1 Ne5 17. Qf8+ 1-0

[Event "AUTO-MASTER-529"]
[Site "http://www.queenalice.com/game.php?id=503223"]
[Date "2008.12.5"]
[Round "2"]
[White "overhoulin"]
[Black "arauca"]
[Result "0-1"]
[WhiteElo "2074"]
[BlackElo "2166"]

1. e4 e5 2. Nf3 Nc6 3. c3 Nf6 4. d3 d5 5. Qc2 Be7 6. h3 O-O 7. Be2 h6 8. Bd2 Be6
9. Qc1 Kh7 10. g4 dxe4 11. dxe4 Nxe4 12. Qc2 f5 13. Bd3 Nxd2 14. Nfxd2 e4 15.
Be2 Bg5 16. Nf1 Ne5 17. Na3 Nd3+ 18. Bxd3 exd3 19. Qd1 Qd5 20. Rg1 Rae8 21. Nd2
fxg4 22. Qb3 Bxd2+ 23. Kxd2 Rxf2+ 24. Kc1 Qe4 25. Qd1 d2+ 26. Qxd2 Rxd2 27. Kxd2
Rd8+ 0-1

[Event "AUTO-MASTER-529"]
[Site "http://www.queenalice.com/game.php?id=503224"]
[Date "2008.12.5"]
[Round "2"]
[White "arauca"]
[Black "overhoulin"]
[Result "0-1"]
[WhiteElo "2182"]
[BlackElo "2053"]

1. e4 e6 2. d4 c6 3. d5 Qc7 4. Nc3 a6 5. Nf3 d6 6. Bd3 e5 7. O-O h6 8. a4 Nf6 9.
h3 Bd7 10. Be3 Qc8 11. Kh2 g5 12. Nxg5 hxg5 13. Bxg5 Bxh3 14. f3 Bxg2+ 15. Kxg2
Qh3+ 16. Kf2 Qh2+ 17. Ke3 Rh3 18. Rg1 Nh7 19. Qe2 Nxg5 20. Qxh2 Rxh2 21. Rh1 Rh3
22. Rxh3 Nxh3 23. Rh1 Nf4 24. b4 Nd7 25. a5 Nxd3 26. cxd3 Bg7 27. Ne2 O-O-O 28.
Rh7 Rg8 29. Ng3 Nf6 30. Rh3 cxd5 31. Nf5 d4+ 32. Kf2 Kd7 0-1

[Event "AUTO-OPEN-1399"]
[Site "http://www.queenalice.com/game.php?id=521163"]
[Date "2009.1.12"]
[Round "1"]
[White "claudiopsi"]
[Black "overhoulin"]
[Result "1-0"]
[WhiteElo "2097"]
[BlackElo "2070"]

1. e4 e6 2. d4 c6 3. Nc3 Qc7 4. Nf3 d6 5. Bd3 e5 6. dxe5 dxe5 7. O-O Nd7 8. Be3
a6 9. Qe2 h6 10. Rad1 Ngf6 11. a3 b5 12. h3 Bb7 13. Nh4 c5 14. Qf3 Bc6 15. Nd5
Bxd5 16. exd5 Rd8 17. c4 bxc4 18. Bxc4 Qb7 19. b3 g6 20. Rfe1 Bg7 21. d6 Qxf3
22. Nxf3 Ne4 23. Bxh6 Bxh6 24. Bxa6 f5 25. Bb7 Nef6 26. Nxe5 Nxe5 27. Rxe5+ Kf8
28. Rxc5 Rh7 29. Bc8 Ne4 30. Rc6 Bf4 31. d7 g5 32. b4 g4 33. Rd5 Rf7 34. hxg4
fxg4 35. Rd4 Nd2 36. b5 Nb3 37. Ra4 Kg7 38. b6 Rdf8 39. Rxf4 Rxf4 40. Rc7 R4f7
41. b7 Nd4 42. b8=Q Ne2+ 43. Kf1 Rxf2+ 44. Ke1 Kg8 45. Qb3+ Kh8 46. Qb2+ Kg8 47.
d8=Q 1-0

[Event "AUTO-OPEN-1399"]
[Site "http://www.queenalice.com/game.php?id=521164"]
[Date "2009.1.12"]
[Round "1"]
[White "overhoulin"]
[Black "claudiopsi"]
[Result "1/2-1/2"]
[WhiteElo "2055"]
[BlackElo "2112"]

1. e4 e5 2. c3 d6 3. h3 Nf6 4. d3 Be7 5. Be2 Nc6 6. Nf3 O-O 7. Nh2 Be6 8. Ng4 d5
9. Nxf6+ Bxf6 10. Nd2 Qd7 11. Qc2 a6 12. Nf3 Rad8 13. Bg5 Bxg5 14. Nxg5 dxe4 15.
dxe4 Rfe8 16. Rd1 Qe7 17. Nxe6 Qxe6 18. b3 Rxd1+ 19. Bxd1 Qg6 20. O-O f6 21. Bg4
Rd8 22. Be6+ Kh8 23. Bf5 Qe8 24. b4 Rd6 25. a4 g6 26. Bg4 Kg7 27. f4 Qd8 28. f5
g5 29. Qb3 h6 30. Bh5 Qd7 31. Qc4 Na7 32. Qb3 b5 33. a5 Nc6 34. Kh2 Nd8 35. Rc1
c6 36. c4 Rd3 37. Qc2 Rd2 38. Qc3 Rd3 39. Qe1 bxc4 40. Rxc4 Rd4 41. Rc1 Qd6 42.
Rb1 Qc7 43. Bf3 Nf7 44. Qg3 Qd8 45. Qg4 Kf8 46. Qh5 Qe7 47. Rc1 Qd7 48. Rb1 Rd2
49. Qg6 Ke7 50. Bh5 Qe8 51. Rc1 Rd4 52. Bf3 Qc8 53. Bh5 Qe8 54. Rxc6 Qxc6 55.
Qxf7+ Kd8 56. Qf8+ Kc7 57. Qxh6 Qxe4 58. Qg7+ Kb8 59. Bf3 Qf4+ 1/2-1/2

[Event "AUTO-OPEN-1399"]
[Site "http://www.queenalice.com/game.php?id=521193"]
[Date "2009.1.12"]
[Round "1"]
[White "overhoulin"]
[Black "koshnarek"]
[Result "1-0"]
[WhiteElo "2066"]
[BlackElo "1632"]

1. e4 e5 2. c3 Qf6 3. h3 Bc5 4. Nf3 d6 5. d3 h6 6. Nbd2 Bd7 7. b4 Bb6 8. a4 a5
9. b5 Ne7 10. Bb2 g5 11. Qe2 Be6 12. d4 Nd7 13. d5 Nxd5 14. exd5 Bxd5 15. c4 Be6
16. Ne4 Qf5 17. Rd1 Nc5 18. Nxc5 Bxc5 19. Bc3 f6 20. Nd2 h5 21. Ne4 Bb4 22. Bxb4
axb4 23. Rxd6 Ke7 24. Rd1 Rad8 25. Rb1 c5 26. bxc6 bxc6 27. Rxb4 h4 28. Qc2 Rc8
29. Be2 Rhd8 30. O-O c5 31. Rb7+ Rd7 32. Rxd7+ Bxd7 33. a5 Qg6 34. Bd3 Bf5 35.
f3 Rc7 36. Ra1 Qe8 37. a6 Qc6 38. a7 Qa8 39. Qa4 Bd7 40. Qa5 Rc6 41. Nxc5 Bc8
42. Be4 Kd6 43. Bxc6 Qxc6 44. a8=Q Qxa8 45. Ne4+ Kc6 46. Qxa8+ Bb7 47. Qe8+ Kb6
48. Qe6+ Bc6 49. Qxf6 Kb7 50. Qxe5 Bxe4 51. Qxe4+ Kb6 52. Rb1+ Kc7 53. c5 Kd7
54. Rb7+ Kc8 55. Qc6+ Kd8 56. Qd7# 1-0

[Event "AUTO-OPEN-1399"]
[Site "http://www.queenalice.com/game.php?id=521194"]
[Date "2009.1.12"]
[Round "1"]
[White "koshnarek"]
[Black "overhoulin"]
[Result "0-1"]
[WhiteElo "1636"]
[BlackElo "2068"]

1. e4 e6 2. e5 c6 3. d4 Qc7 4. g3 d6 5. Bf4 h6 6. exd6 Bxd6 7. Ne2 Nf6 8. Bg2
Nh5 9. Be5 Bxe5 10. dxe5 Qxe5 11. O-O Qxb2 12. Nbc3 Qa3 13. Bf3 Nf6 14. Qc1 Qe7
15. Nf4 Nbd7 16. Nh5 Nxh5 17. Bxh5 Nf6 18. Bf3 O-O 19. Ne4 Nxe4 20. Bxe4 f5 21.
Bf3 Qf6 22. c3 e5 23. Bg2 g5 24. Qd1 g4 25. f3 h5 26. f4 exf4 27. gxf4 Qxc3 28.
Rc1 Qf6 29. Qb3+ Kg7 30. a4 Rf7 31. Rfe1 Rc7 32. a5 Rb8 33. Rc5 Bd7 34. Rce5 h4
35. Re7+ Kf8 36. R7e5 Re8 37. Qb4+ c5 38. Qc3 Re6 39. Bd5 Rxe5 40. fxe5 Qg7 41.
Qc2 Qg5 42. e6 Bc8 43. Qf2 f4 44. Qd2 Ke7 45. Bc4 g3 46. h3 Qf5 47. Qd3 Qxd3 48.
Bxd3 c4 49. Bf5 c3 50. Kg2 b6 51. Kf3 Bb7+ 52. Kxf4 c2 53. Rc1 g2 54. Kg4 Rc4+
55. Kg5 g1=Q+ 56. Rxg1 c1=Q+ 57. Rxc1 Rxc1 58. axb6 axb6 59. Kxh4 Rg1 60. Kh5 b5
61. h4 Bd5 62. Kh6 Bxe6 63. Bxe6 Kxe6 64. h5 b4 65. Kh7 b3 66. h6 b2 67. Kh8
b1=Q 68. h7 Qb8# 0-1

[Event "AUTO-OPEN-1399"]
[Site "http://www.queenalice.com/game.php?id=521195"]
[Date "2009.1.12"]
[Round "1"]
[White "overhoulin"]
[Black "Zurc"]
[Result "1-0"]
[WhiteElo "2064"]
[BlackElo "1687"]

1. e4 e5 2. Nf3 Nc6 3. c3 Nf6 4. d3 Bc5 5. h3 O-O 6. Qc2 d5 7. Bg5 Be6 8. Nbd2
h6 9. Bh4 Be7 10. Bxf6 Bxf6 11. Nh2 Qe7 12. Be2 Qc5 13. b4 Nxb4 14. Qb2 Nc6 15.
a3 d4 16. c4 Rab8 17. O-O b5 18. cxb5 Rxb5 19. Qc1 Qc2 20. Qxc2 1-0

[Event "AUTO-OPEN-1399"]
[Site "http://www.queenalice.com/game.php?id=607751"]
[Date "2009.6.23"]
[Round "2"]
[White "overhoulin"]
[Black "PackoJones"]
[Result "0-1"]
[WhiteElo "2055"]
[BlackElo "2522"]

1. e4 e5 2. Qh5 Nc6 3. c3 Nf6 4. Qe2 d5 5. d3 Bc5 6. h3 O-O 7. Bg5 dxe4 8. Bxf6
exd3 9. Bxd8 dxe2 10. Bxe2 Rxd8 11. Nd2 Bxf2+ 12. Kxf2 Rxd2 13. b3 Rc2 14. Nf3
Rxc3 15. Kg1 e4 16. Ne1 Be6 17. Kh2 Rd8 18. Rf1 Rd2 19. Bg4 Bxg4 20. hxg4 Nd4
21. Rf4 Re3 22. b4 Ne6 23. Rf5 Rde2 24. Rf1 Ra3 25. b5 Raxa2 26. Rc1 g6 27. Kg1
Rab2 28. g3 Ng5 0-1

[Event "AUTO-OPEN-1399"]
[Site "http://www.queenalice.com/game.php?id=607752"]
[Date "2009.6.23"]
[Round "2"]
[White "PackoJones"]
[Black "overhoulin"]
[Result "1-0"]
[WhiteElo "2517"]
[BlackElo "2057"]

1. d4 e6 2. e4 c6 3. Nf3 Qc7 4. Bd3 d6 5. O-O Nd7 6. Re1 h6 7. e5 d5 8. b3 Bb4
9. c3 Bf8 10. Qc2 a6 11. c4 Ne7 12. Nc3 dxc4 13. bxc4 Nb6 14. Ne4 Ng6 15. c5 Nd5
16. Nd6+ Bxd6 17. exd6 Qd7 18. Bxg6 fxg6 19. Ne5 Qd8 20. Qxg6+ Kf8 21. Qf7# 1-0

[Event "AUTO-OPEN-1399"]
[Site "http://www.queenalice.com/game.php?id=607753"]
[Date "2009.6.23"]
[Round "2"]
[White "overhoulin"]
[Black "mowliid12"]
[Result "0-1"]
[WhiteElo "2033"]
[BlackElo "1981"]

1. e4 c5 2. c3 d5 3. Qa4+ Bd7 4. Qc2 Bc6 5. d3 e5 6. Nf3 Nd7 7. Be2 Ngf6 8. Nbd2
Bd6 9. h3 a6 10. Nh2 b5 11. Bf3 d4 12. O-O O-O 13. Ng4 Nxg4 14. Bxg4 Nf6 15. Be2
Rc8 16. Nf3 Nd7 17. Bd2 f5 18. Bg5 Qe8 19. Nh4 f4 20. Nf5 Rxf5 21. exf5 Qf7 22.
f6 gxf6 23. Bh4 Qg6 24. g4 Qh6 25. Bxf6 Qxh3 26. f3 Qg3+ 27. Kh1 Nxf6 28. c4
Nxg4 0-1

[Event "AUTO-OPEN-1399"]
[Site "http://www.queenalice.com/game.php?id=607754"]
[Date "2009.6.23"]
[Round "2"]
[White "mowliid12"]
[Black "overhoulin"]
[Result "1-0"]
[WhiteElo "1947"]
[BlackElo "2053"]

1. e4 e6 2. d4 c6 3. Nf3 Qc7 4. Bd3 d6 5. O-O Nd7 6. c4 h6 7. Nc3 a6 8. Bf4 e5
9. dxe5 dxe5 10. Be3 Ngf6 11. Nd2 b6 12. f4 Bb7 13. fxe5 Nxe5 14. Bc2 Neg4 15.
Bf4 Bd6 16. e5 Bc5+ 17. Kh1 Nxe5 18. Nf3 Bd6 19. Bxe5 Bxe5 20. Nxe5 Rd8 21. Qe2
O-O 22. Rae1 Rde8 23. Rxf6 gxf6 24. Qg4+ Kh8 25. Qf5 1-0

[Event "AUTO-MASTER-957"]
[Site "http://www.queenalice.com/game.php?id=683841"]
[Date "2009.11.15"]
[Round "1"]
[White "nemeth"]
[Black "overhoulin"]
[Result "1-0"]
[WhiteElo "2122"]
[BlackElo "2029"]

1. e4 e6 2. d4 c6 3. c3 Qc7 4. f4 d6 5. Nf3 h6 6. e5 Nd7 7. Bd3 dxe5 8. fxe5 Ne7
9. O-O a6 10. Nh4 b5 11. Qf3 Bb7 12. Qxf7+ Kd8 13. Ng6 Nxg6 14. Bxg6 Kc8 15.
Qxe6 Kb8 16. Rf7 Bc8 17. Bf5 Ra7 18. Qe8 Qb6 19. Bxd7 Be7 20. Qxh8 Rxd7 21. Qxg7
Qd8 22. Bf4 Kb7 23. e6 Rxd4 24. Rxe7+ Bd7 25. Rxd7+ Rxd7 26. Qxd7+ Qxd7 27. exd7
c5 28. d8=Q Kc6 29. Qd6+ Kb7 30. Qc7+ 1-0

[Event "AUTO-MASTER-957"]
[Site "http://www.queenalice.com/game.php?id=683842"]
[Date "2009.11.15"]
[Round "1"]
[White "overhoulin"]
[Black "nemeth"]
[Result "1-0"]
[WhiteElo "2010"]
[BlackElo "2078"]

1. e4 c5 2. c3 d5 3. Qc2 Nc6 4. d3 Nf6 5. h3 e5 6. Nf3 Be7 7. Be2 Be6 8. Bg5 Nd7
9. Bxe7 Nxe7 10. a3 f6 11. Nh2 O-O 12. Nd2 Ng6 13. O-O Nf4 14. Bg4 Bxg4 15. Nxg4
Re8 16. exd5 Nxd5 17. Nf3 Nf8 18. Ne3 Ng6 19. Nxd5 Qxd5 20. Rae1 Nf4 21. Re3 h5
22. c4 Qc6 23. Kh2 g5 24. g3 Ng6 25. b4 b6 26. bxc5 bxc5 27. d4 cxd4 28. Qxg6+
Kf8 29. Nxe5 Qd6 30. Qf7# 1-0

[Event "AUTO-MASTER-957"]
[Site "http://www.queenalice.com/game.php?id=683857"]
[Date "2009.11.15"]
[Round "1"]
[White "overhoulin"]
[Black "Ribar"]
[Result "0-1"]
[WhiteElo "2021"]
[BlackElo "2134"]

1. e4 c5 2. c3 Nf6 3. d3 Nc6 4. h3 g6 5. Bg5 Bg7 6. Be2 O-O 7. Nf3 d6 8. Nh2 h6
9. Bxf6 Bxf6 10. Qc1 Bg7 11. O-O e5 12. Nd2 Be6 13. a3 Qd7 14. Bg4 f5 15. exf5
gxf5 16. Bf3 d5 17. Rd1 Qf7 18. Ndf1 e4 19. dxe4 fxe4 20. Bg4 Qxf2+ 21. Kh1 Qf7
22. Ne3 d4 23. Bxe6 Qxe6 24. cxd4 cxd4 25. Neg4 e3 26. Re1 Rac8 27. Qd1 Qe4 28.
Re2 Rc7 29. Rc1 Rcf7 30. Rc4 Qg6 31. Nf3 Ne5 32. Ngxe5 Bxe5 33. b4 Qg3 34. Qd3
Qh2+ 35. Nxh2 Rf1+ 0-1

[Event "AUTO-MASTER-957"]
[Site "http://www.queenalice.com/game.php?id=683858"]
[Date "2009.11.15"]
[Round "1"]
[White "Ribar"]
[Black "overhoulin"]
[Result "1-0"]
[WhiteElo "2127"]
[BlackElo "2015"]

1. c4 e6 2. Nf3 c6 3. g3 Qc7 4. Bg2 h6 5. O-O d6 6. b3 Nd7 7. Bb2 e5 8. d4 Ngf6
9. Nc3 a6 10. Qd2 g6 11. Rac1 Bg7 12. Rfd1 b6 13. dxe5 dxe5 14. Qd6 Qxd6 15.
Rxd6 Bb7 16. Rcd1 Rd8 17. Nxe5 O-O 18. Nxd7 Nxd7 19. Rxd7 Rb8 20. Na4 Bxb2 21.
Nxb2 Ba8 22. Rc7 c5 23. Rdd7 Bxg2 24. Kxg2 h5 25. Nd3 Rbe8 26. e3 Re6 27. Nf4
Rf6 28. Nd5 Re6 29. Rb7 b5 30. cxb5 axb5 31. Nc7 Rc6 32. Nxb5 c4 33. bxc4 Rxc4
34. Nd6 h4 35. Nxf7 Rfc8 36. Nh6+ Kf8 37. Rf7+ Ke8 38. Rbe7+ Kd8 39. Rd7+ Ke8
40. Ng8 Re4 41. Nf6# 1-0

[Event "AUTO-MASTER-957"]
[Site "http://www.queenalice.com/game.php?id=683859"]
[Date "2009.11.15"]
[Round "1"]
[White "overhoulin"]
[Black "animis"]
[Result "1-0"]
[WhiteElo "2003"]
[BlackElo "2055"]

1. e4 c5 2. c3 Nf6 3. d3 Nc6 4. h3 e6 5. Nf3 d6 6. Bg5 Be7 7. Bxf6 Bxf6 8. Be2
O-O 9. Nbd2 Qc7 10. Nc4 b5 11. Ne3 Bb7 12. Ng4 Be7 13. a3 Rfd8 14. Qc2 a5 15.
O-O Rdc8 16. Qd2 Ba6 17. Rac1 b4 18. cxb4 axb4 19. a4 Rab8 20. b3 Bb7 21. d4 Qb6
22. d5 Na5 23. Bc4 e5 24. Qb2 Nxc4 25. bxc4 Qa5 26. Qb3 Ra8 27. Ra1 Ra6 28. Ra2
Rca8 29. Ne3 Bc8 30. Nf5 Bf8 31. Nh2 Bd7 32. Qg3 g6 33. Ng4 Kh8 34. Nf6 Qd8 35.
Qh4 h5 36. Ng3 Kg7 37. Ngxh5+ gxh5 38. Qg5+ Kh8 39. Qg8# 1-0

[Event "AUTO-MASTER-957"]
[Site "http://www.queenalice.com/game.php?id=683860"]
[Date "2009.11.15"]
[Round "1"]
[White "animis"]
[Black "overhoulin"]
[Result "1-0"]
[WhiteElo "2010"]
[BlackElo "2017"]

1. e4 e6 2. d4 c6 3. Nf3 d6 4. Bd3 h6 5. O-O Qc7 6. Nc3 Nd7 7. Bf4 e5 8. Bg3
Ngf6 9. Re1 a6 10. a4 g6 11. Bc4 Bg7 12. h3 O-O 13. Qd2 Nh5 14. Bh2 Qd8 15. Rad1
Qe7 16. a5 b6 17. axb6 Nxb6 18. Ba2 Kh7 19. Qe2 Be6 20. d5 cxd5 21. exd5 Bd7 22.
Ne4 Bb5 23. c4 Ba4 24. b3 Bd7 25. Qe3 Rab8 26. Bb1 f5 27. Ned2 a5 28. Nd4 Qf6
29. Nc6 Bxc6 30. dxc6 Rf7 31. Qc3 Ra7 32. Bc2 Nc8 33. Ra1 Qd8 34. Rad1 Qc7 35.
c5 Qxc6 36. Qf3 e4 37. Qe3 Be5 38. Bxe5 Rbb7 39. Bd4 d5 40. g3 a4 41. bxa4 Rf7
42. Be5 Ra5 43. Bd4 Qd7 44. Qb3 f4 45. g4 f3 46. Be3 Nf4 47. Bxf4 Rxf4 48. Nxe4
Ra7 49. Rxd5 Rxg4+ 50. hxg4 Qxg4+ 51. Ng3 Rf7 52. Rd3 Kg7 53. Qc3+ Kh7 54. Ree3
Ne7 55. Rxf3 Nf5 56. Rd8 Rg7 57. c6 Qg5 58. c7 Qc1+ 59. Kh2 Qg5 60. Bxf5 gxf5
61. c8=Q Qh4+ 62. Kg2 1-0